00226nam a2200097Ia 4500008004100000100000900041245002100050260003300071942000700104999001700111190216s9999||||xx |||||||||||||| ||und|| aNull 0aHindi-Amsu Madya bPoomkavanam Books Publishers cBK c17068d17068